| 000 | 00655nam a22002057a 4500 | ||
|---|---|---|---|
| 003 | OSt | ||
| 005 | 20251030010109.0 | ||
| 008 | 251030b |||||||| |||| 00| 0 eng d | ||
| 020 | _a 978-0-07-351639-4 | ||
| 040 |
_aDWCL-Admin lib _cOC |
||
| 082 |
_214th ed. _aCirc. 150 An615 2010 |
||
| 100 | _aBuskist, William | ||
| 245 |
_a Annual editions: psychology 09/10 / _cWilliam Buskist |
||
| 260 |
_aBoston : _bMcGraw-Hill, _cc2010. |
||
| 300 |
_axviii, 189 p. : ill. ; _c28 cm. |
||
| 500 | _aIncludes bibliographical references. | ||
| 504 | _aIncludes bibliographical references. | ||
| 650 | _a1. Psychology. | ||
| 942 |
_2ddc _cBK-CIRC _e 14th ed. _kCirc. _n0 |
||
| 999 |
_c5313 _d5313 |
||